000 01298nam a2200301 c 4500
003 BLK
005 20180422112422.0
008 180409b bul|||||r ||||||| ||bul||
010 _aKNG00148770000
040 _aBLK
041 _aBUL
_cBUL
080 _aБългарска литература
_b821.163.2
_x-93-1
_z821.163.2-93-1
100 1 _aСтефанов, Димитър
_eпърви автор
_gБъчваров, Димитър Стефанов
_9363780
700 1 _aПаскалева, Олга
_eхудож.
_9365148
700 1 _aБъчваров, Димитър Стефанов
_e*
_9367462
139 _aСтефанов, Димитър
_bС 75
245 1 0 _aЩурче на летището
_bСтихотворения за малките
_cДимитър Стефанов; худож. Олга Паскалева; * Димитър Стефанов Бъчваров.
257 _aBGR
260 София
_bБълг. художник
_c1990
300 _a24 с.
_bс цв. ил.
_c32 см
380 _aDX
500 _aОфс. изд. - 40 090 тир.
852 _aЦб ІІ 18731
856 4 _qpdf
_u
856 4 _qpdf
_u
942 _cKNG
_n0
944 _aCR
_c07.08.2013
_l07.08.2013 - от С1,Р / 07.08.2013
_kАйшегюл_Сабриева
944 _aED
_c07.08.2013
_l07.08.2013 - от С1,Р / 07.08.2013
_k
999 _c142673
_d142673